000 00321nam a2200133Ia 4500
008 240624s9999 xx 000 0 und d
041 _aeng
082 _a954 GHO
100 _aGHOSH VISHWA JYOTI
245 _aDELHI CALM
260 _c2010
_aNew Delhi
_bHarper Collins Publishers
300 _a246 : p.
365 _cRS
_b27
999 _c15535
_d15535